000 00789nam a22002295i 4500
001 172721
003 ES-MaACL
005 20230906215022.0
008 090903s1934 sp |||| | spa d
080 _a577.16
100 1 _aGiral, José,
_d1879-1962
_957181
245 1 3 _aLa estructura química de las vitaminas /
_cpor José Giral.
260 _aMadrid :
_b[Escuela Nacional de Sanidad],
_c1934.
300 _a13 p. ;
_c25 cm.
490 1 _aPublicaciones de la Escuela Nacional de Sanidad ;
_v16
590 0 _aDatos tomados de la cubierta.
650 1 4 _aVitaminas.
_917836
710 2 _aEscuela Nacional de Sanidad (España)
_9141228
830 0 _aPublicaciones de la Escuela Nacional de Sanidad ;
_v16
_9189107
852 _aES-MaACL
_j2298-F-1
999 _c172721
_d172721